01379nam a2200325Ia 4500001001200000003000800012006001900020007001500039008004100054020001800095020001800113040002100131035002100152050002400173245020800197260004200405300001700447490005000464490005200514504005100566533015200617650002500769650002700794655002900821700001900850700002600869710001700895856012600912999001501038ebr10714563CaPaEBRm o u cr cn|||||||||011226s2013 ne sb 001 0 eng d z9789004251366 z9789004251380 aCaPaEBRcCaPaEBR a(OCoLC)84713276114aHB1952b.P76 2013eb00aProletarian and gendered mass migrationsh[electronic resource] :ba global perspective on continuities and discontinuities from the 19th to the 21st centuries /cedited by Dirk Hoerder and Amarjit Kaur. aLeiden, Netherlands :bBrill,cc2013. axii, 421 p. 0 aStudies in global social history ;vvolume 120 aStudies in global migration history ;vvolume 1 aIncludes bibliographical references and index. aElectronic reproduction.bPalo Alto, Calif. :cebrary,d2013.nAvailable via World Wide Web.nAccess may be limited to ebrary affiliated libraries. 0aMigration, internal. 0aMigrations of nations. 7aElectronic books.2local1 aHoerder, Dirk.1 aKaur, Amarjit,d1948-2 aebrary, Inc.40uhttp://site.ebrary.com/lib/rucke/Doc?id=10714563zAn electronic book accessible through the World Wide Web; click to view c1590d1590